Thüringen - Landkreise und kreisfreien Städte Quiz - Statistiken

Allgemein
  • Dieses Quiz wurde 415 mal gespielt
  • Das Durchschnittsergebnis liegt bei 14 aus 22
Antwortstatistiken
Kreisstadt (falls vorhanden) Landkreise und kreisfreien Städte % Korrekt
(kreisfreie Stadt) Erfurt
92%
(kreisfreie Stadt) Jena
89%
(kreisfreie Stadt) Gera
85%
Gotha Gotha
85%
(kreisfreie Stadt) Weimar
84%
Sömmerda Sömmerda
78%
Nordhausen Nordhausen
77%
Greiz Greiz
73%
(kreisfreie Stadt) Suhl
72%
Sonneberg Sonneberg
71%
Hildburghausen Hildburghausen
64%
Altenburg Altenburger Land
60%
Schleiz Saale-Orla-Kreis
56%
Sondershausen Kyffhäuserkreis
55%
Bad Salzungen Wartburgkreis
55%
Eisenberg Saale-Holzland-Kreis
51%
Heiligenstadt Eichsfeld
49%
Meiningen Schmalkalden-Meiningen
49%
Apolda Weimarer Land
49%
Arnstadt Ilm-Kreis
48%
Saalfeld Saalfeld-Rudolstadt
42%
Mühlhausen Unstrut-Hainich-Kreis
40%
Keine übereinstimmenden Quizze gefunden
Verteilung der Resultate
Anzahl Personen mit jedem Resultat
Perzentil nach korrekt beantworteten Fragen
Ihre Resultats-Entwicklung
Sie haben dieses Quiz noch nicht gespielt